<?xml version="1.0" encoding="UTF-8"?>
<collection xmlns="http://www.loc.gov/MARC21/slim">
 <record>
  <leader>02652nam a22003257a 4500</leader>
  <controlfield tag="001">NCT_51896</controlfield>
  <controlfield tag="008">180925b        xxu||||| |||| 00| 0 vie d</controlfield>
  <datafield tag="999" ind1=" " ind2=" ">
   <subfield code="c">2483</subfield>
   <subfield code="d">2483</subfield>
  </datafield>
  <datafield tag="020" ind1=" " ind2=" ">
   <subfield code="c">93000</subfield>
  </datafield>
  <datafield tag="082" ind1="0" ind2="4">
   <subfield code="2">23rd ed.</subfield>
   <subfield code="a">344.597</subfield>
   <subfield code="b">H103</subfield>
  </datafield>
  <datafield tag="245" ind1="0" ind2="0">
   <subfield code="a">Giáo trình luật động</subfield>
   <subfield code="c">Trần Hoàng Hải (chủ biên); ....[et al.]</subfield>
  </datafield>
  <datafield tag="260" ind1=" " ind2=" ">
   <subfield code="a">H.</subfield>
   <subfield code="b">Hồng Đức - Hội luật gia Việt Nam</subfield>
   <subfield code="c">2015</subfield>
  </datafield>
  <datafield tag="300" ind1=" " ind2=" ">
   <subfield code="a">503 tr.</subfield>
   <subfield code="c">21cm</subfield>
  </datafield>
  <datafield tag="520" ind1="3" ind2=" ">
   <subfield code="a">Giáo trình này được xây dựng dựa theo cấu trúc của Bộ luật Lao động Việt Nam năm 2013. Các chế định của Bộ luật Lao động được phân tích khá cụ thể từ những vấn đề lý luận đến thực định.</subfield>
  </datafield>
  <datafield tag="653" ind1=" " ind2=" ">
   <subfield code="a">Luật học</subfield>
  </datafield>
  <datafield tag="700" ind1="1" ind2=" ">
   <subfield code="a">Trần Hoàng Hải</subfield>
   <subfield code="e">Chủ biên</subfield>
  </datafield>
  <datafield tag="700" ind1="1" ind2=" ">
   <subfield code="a">Nguyễn Thị Bích</subfield>
   <subfield code="e">Biên soạn</subfield>
  </datafield>
  <datafield tag="700" ind1="1" ind2=" ">
   <subfield code="a">Đinh Thị Chiến</subfield>
   <subfield code="e">Biên soạn</subfield>
  </datafield>
  <datafield tag="700" ind1="1" ind2=" ">
   <subfield code="a">Đỗ hải Hà</subfield>
   <subfield code="e">Biên soạn</subfield>
  </datafield>
  <datafield tag="942" ind1=" " ind2=" ">
   <subfield code="2">ddc</subfield>
   <subfield code="c">BK</subfield>
  </datafield>
  <datafield tag="952" ind1=" " ind2=" ">
   <subfield code="0">0</subfield>
   <subfield code="1">0</subfield>
   <subfield code="2">ddc</subfield>
   <subfield code="4">0</subfield>
   <subfield code="6">344_597000000000000_H103</subfield>
   <subfield code="7">0</subfield>
   <subfield code="9">14126</subfield>
   <subfield code="a">000001</subfield>
   <subfield code="b">000001</subfield>
   <subfield code="d">2018-09-25</subfield>
   <subfield code="l">4</subfield>
   <subfield code="o">344.597 H103</subfield>
   <subfield code="p">MD.02626</subfield>
   <subfield code="q">2022-03-03</subfield>
   <subfield code="r">2022-02-17</subfield>
   <subfield code="s">2022-02-17</subfield>
   <subfield code="v">93000.00</subfield>
   <subfield code="w">2018-09-25</subfield>
   <subfield code="y">BK</subfield>
  </datafield>
  <datafield tag="952" ind1=" " ind2=" ">
   <subfield code="0">0</subfield>
   <subfield code="1">0</subfield>
   <subfield code="2">ddc</subfield>
   <subfield code="4">0</subfield>
   <subfield code="6">344_597000000000000_H103</subfield>
   <subfield code="7">0</subfield>
   <subfield code="9">14127</subfield>
   <subfield code="a">000001</subfield>
   <subfield code="b">000001</subfield>
   <subfield code="d">2018-09-25</subfield>
   <subfield code="o">344.597 H103</subfield>
   <subfield code="p">MD.02627</subfield>
   <subfield code="r">2018-09-25</subfield>
   <subfield code="v">93000.00</subfield>
   <subfield code="w">2018-09-25</subfield>
   <subfield code="y">BK</subfield>
  </datafield>
  <datafield tag="952" ind1=" " ind2=" ">
   <subfield code="0">0</subfield>
   <subfield code="1">0</subfield>
   <subfield code="2">ddc</subfield>
   <subfield code="4">0</subfield>
   <subfield code="6">344_597000000000000_H103</subfield>
   <subfield code="7">0</subfield>
   <subfield code="9">14128</subfield>
   <subfield code="a">000001</subfield>
   <subfield code="b">000001</subfield>
   <subfield code="d">2018-09-25</subfield>
   <subfield code="l">4</subfield>
   <subfield code="o">344.597 H103</subfield>
   <subfield code="p">MD.02620</subfield>
   <subfield code="q">2022-03-03</subfield>
   <subfield code="r">2022-02-17</subfield>
   <subfield code="s">2022-02-17</subfield>
   <subfield code="v">93000.00</subfield>
   <subfield code="w">2018-09-25</subfield>
   <subfield code="y">BK</subfield>
  </datafield>
  <datafield tag="952" ind1=" " ind2=" ">
   <subfield code="0">0</subfield>
   <subfield code="1">0</subfield>
   <subfield code="2">ddc</subfield>
   <subfield code="4">0</subfield>
   <subfield code="6">344_597000000000000_H103</subfield>
   <subfield code="7">0</subfield>
   <subfield code="9">14129</subfield>
   <subfield code="a">000001</subfield>
   <subfield code="b">000001</subfield>
   <subfield code="d">2018-09-25</subfield>
   <subfield code="l">8</subfield>
   <subfield code="o">344.597 H103</subfield>
   <subfield code="p">MD.02621</subfield>
   <subfield code="q">2022-03-03</subfield>
   <subfield code="r">2022-02-17</subfield>
   <subfield code="s">2022-02-17</subfield>
   <subfield code="v">93000.00</subfield>
   <subfield code="w">2018-09-25</subfield>
   <subfield code="y">BK</subfield>
  </datafield>
  <datafield tag="952" ind1=" " ind2=" ">
   <subfield code="0">0</subfield>
   <subfield code="1">0</subfield>
   <subfield code="2">ddc</subfield>
   <subfield code="4">0</subfield>
   <subfield code="6">344_597000000000000_H103</subfield>
   <subfield code="7">0</subfield>
   <subfield code="9">14130</subfield>
   <subfield code="a">000001</subfield>
   <subfield code="b">000001</subfield>
   <subfield code="d">2018-09-25</subfield>
   <subfield code="l">5</subfield>
   <subfield code="o">344.597 H103</subfield>
   <subfield code="p">MD.02622</subfield>
   <subfield code="q">2022-03-03</subfield>
   <subfield code="r">2022-02-17</subfield>
   <subfield code="s">2022-02-17</subfield>
   <subfield code="v">93000.00</subfield>
   <subfield code="w">2018-09-25</subfield>
   <subfield code="y">BK</subfield>
  </datafield>
  <datafield tag="952" ind1=" " ind2=" ">
   <subfield code="0">0</subfield>
   <subfield code="1">0</subfield>
   <subfield code="2">ddc</subfield>
   <subfield code="4">0</subfield>
   <subfield code="6">344_597000000000000_H103</subfield>
   <subfield code="7">0</subfield>
   <subfield code="9">14131</subfield>
   <subfield code="a">000001</subfield>
   <subfield code="b">000001</subfield>
   <subfield code="d">2018-09-25</subfield>
   <subfield code="l">3</subfield>
   <subfield code="o">344.597 H103</subfield>
   <subfield code="p">MD.02623</subfield>
   <subfield code="r">2020-05-29</subfield>
   <subfield code="s">2020-05-13</subfield>
   <subfield code="v">93000.00</subfield>
   <subfield code="w">2018-09-25</subfield>
   <subfield code="y">BK</subfield>
  </datafield>
  <datafield tag="952" ind1=" " ind2=" ">
   <subfield code="0">0</subfield>
   <subfield code="1">0</subfield>
   <subfield code="2">ddc</subfield>
   <subfield code="4">0</subfield>
   <subfield code="6">344_597000000000000_H103</subfield>
   <subfield code="7">0</subfield>
   <subfield code="9">14463</subfield>
   <subfield code="a">000001</subfield>
   <subfield code="b">000001</subfield>
   <subfield code="d">2018-10-11</subfield>
   <subfield code="l">3</subfield>
   <subfield code="o">344.597 H103</subfield>
   <subfield code="p">MD.09058</subfield>
   <subfield code="r">2020-03-16</subfield>
   <subfield code="s">2020-03-05</subfield>
   <subfield code="v">93000.00</subfield>
   <subfield code="w">2018-10-11</subfield>
   <subfield code="y">BK</subfield>
  </datafield>
  <datafield tag="952" ind1=" " ind2=" ">
   <subfield code="0">0</subfield>
   <subfield code="1">0</subfield>
   <subfield code="2">ddc</subfield>
   <subfield code="4">0</subfield>
   <subfield code="6">344_597000000000000_H103</subfield>
   <subfield code="7">0</subfield>
   <subfield code="9">14477</subfield>
   <subfield code="a">000001</subfield>
   <subfield code="b">000001</subfield>
   <subfield code="d">2018-10-15</subfield>
   <subfield code="l">1</subfield>
   <subfield code="o">344.597 H103</subfield>
   <subfield code="p">MD.02625</subfield>
   <subfield code="r">2019-03-27</subfield>
   <subfield code="s">2019-03-14</subfield>
   <subfield code="v">93000.00</subfield>
   <subfield code="w">2018-10-15</subfield>
   <subfield code="y">BK</subfield>
  </datafield>
  <datafield tag="952" ind1=" " ind2=" ">
   <subfield code="0">0</subfield>
   <subfield code="1">0</subfield>
   <subfield code="2">ddc</subfield>
   <subfield code="4">0</subfield>
   <subfield code="6">344_597000000000000_H103</subfield>
   <subfield code="7">0</subfield>
   <subfield code="9">16066</subfield>
   <subfield code="a">000001</subfield>
   <subfield code="b">000001</subfield>
   <subfield code="d">2019-03-08</subfield>
   <subfield code="l">4</subfield>
   <subfield code="m">1</subfield>
   <subfield code="o">344.597 H103</subfield>
   <subfield code="p">MD.02624</subfield>
   <subfield code="q">2022-03-03</subfield>
   <subfield code="r">2022-02-17</subfield>
   <subfield code="s">2022-02-17</subfield>
   <subfield code="v">93000.00</subfield>
   <subfield code="w">2019-03-08</subfield>
   <subfield code="y">BK</subfield>
  </datafield>
  <datafield tag="980" ind1=" " ind2=" ">
   <subfield code="a">Thư viện Trường Đại học Nam Cần Thơ</subfield>
  </datafield>
 </record>
</collection>
